000 01121naa a22003497a 4500
001 BR4900031
003 BR-BrBNA
005 20240918172823.0
007 ta
008 230509b bl.||||| |||| 00| 0 por d
040 _aBR-BrBNA
_bpor
_cBiblioteca Nacional de Agricultura
041 _a(Pt)
072 _aS10
_b1190
_b1123
_bG514
090 _aS10 BR4900031
100 1 _aPechnik, E.
100 1 _aChaves, J.M.
100 1 _aMattoso, I.V.
100 1 _aBorges, P.
245 1 _aAlguns frutos brasileiros [Analise quimica; Valor nutritivo; Vitamina; Maracuja; Cupuacu; Graviola; Bacuri]
260 3 _aRio de Janeiro, GB (Brasil):
_c1949.
500 _aTrabalhos e pesquisas Rio de Janeiro, GB (Brasil): 1949. p. 271-280 (BR4900031-AM)S10
650 _aComposicao de alimento
650 _aMaracuja
650 _aBacuri
650 _aGraviola
650 _aCupuacu
650 _aFruta tropical
650 _aValor nutritivo
773 0 _tTrabalhos e pesquisas : v. 2 /
_wS00 BR4900023
_gRio de Janeiro, GB (Brasil), 1949.
_q318 p.
909 _a202404
_bLucia
_c55
_dLucia Elande
942 _cAM
_2AGRIS
999 _c301587
_d301587